[Event "Hastings Masters 2010-11"]
[Site "Hastings ENG"]
[Date "2011.01.05"]
[Round "9.37"]
[White "Flynn, David"]
[Black "Malhotra, Tarun"]
[Result "0-1"]
[WhiteElo "2061"]
[BlackElo "1913"]
[WhiteFideId "410594"]
[BlackFideId "5020549"]
[EventDate "2010.12.28"]

1. e4 c5 2. Nf3 Nc6 3. Bb5 d6 4. O-O Bd7 5. c3 a6 6. Ba4 c4 7. d4 cxd3 8. Qxd3
g6 9. Re1 Bg7 10. Be3 Nf6 11. h3 b5 12. Bc2 O-O 13. Nbd2 Qc7 14. Rac1 Qb7 15.
Nb3 Rfd8 16. Bb1 Rac8 17. Qe2 a5 18. c4 bxc4 19. Qxc4 Ne5 20. Qe2 Nxf3+ 21. Qxf3
a4 22. Na5 Qb4 23. e5 dxe5 24. Rc5 Qxe1+ 0-1

[Event "Hastings Masters 2010-11"]
[Site "Hastings ENG"]
[Date "2011.01.05"]
[Round "9.40"]
[White "Clayton, Tristan"]
[Black "Gibson, Christopher A"]
[Result "1/2-1/2"]
[WhiteElo "1791"]
[BlackElo "1984"]
[WhiteFideId "416533"]
[BlackFideId "414697"]
[EventDate "2010.12.28"]

1. e4 c5 2. Nc3 Nc6 3. g3 g6 4. Bg2 Bg7 5. d3 d6 6. Be3 e5 7. Qd2 Be6 8. Nge2
Nd4 9. Nd1 Nxe2 10. Qxe2 Ne7 11. f4 O-O 12. O-O Rb8 13. g4 exf4 14. Bxf4 Nc6 15.
c3 Qd7 16. Ne3 Rbe8 17. Qd1 b5 18. h3 b4 19. Nd5 bxc3 20. Nxc3 Rb8 21. Qd2 Nd4
22. Bg3 Rb4 23. Rab1 Rfb8 24. b3 a5 25. Bf2 Be5 26. Be3 Nb5 27. Na4 Nd4 28. Nc3
Nb5 29. Na4 Nd4 30. Nc3 1/2-1/2

[Event "Hastings Masters 2010-11"]
[Site "Hastings ENG"]
[Date "2011.01.05"]
[Round "9.41"]
[White "Calvert, D Ian"]
[Black "Rolvaag, Birk Anders"]
[Result "1/2-1/2"]
[WhiteElo "1981"]
[BlackElo "1917"]
[WhiteFideId "406368"]
[BlackFideId "1507753"]
[EventDate "2010.12.28"]

1. b3 d5 2. Bb2 Bg4 3. h3 Bh5 4. d4 Nf6 5. Nd2 e6 6. Ngf3 Bxf3 7. Nxf3 g6 8. e3
c6 9. Bd3 Bg7 10. O-O O-O 11. c4 Ne8 12. Ba3 Nd6 13. Rc1 f6 14. Qe2 1/2-1/2

[Event "Hastings Masters 2010-11"]
[Site "Hastings ENG"]
[Date "2011.01.05"]
[Round "9.42"]
[White "Dale, Hannah"]
[Black "Jelsen, Yemi"]
[Result "1/2-1/2"]
[WhiteElo "1790"]
[BlackElo "1967"]
[WhiteFideId "407755"]
[BlackFideId "7101406"]
[EventDate "2010.12.28"]

1. c4 Nf6 2. Nc3 e6 3. g3 d5 4. cxd5 exd5 5. Bg2 Be7 6. d4 O-O 7. Nf3 Be6 8. O-O
Nbd7 9. Bg5 Ne4 10. Bxe7 Qxe7 11. Rc1 c6 12. Qc2 f5 13. Na4 f4 14. Nc3 Bf5 15.
Qd1 fxg3 16. hxg3 Rae8 17. Nxe4 Qxe4 18. Ne5 Rxe5 19. Bxe4 Rxe4 20. f3 Re6 21.
Rf2 Rg6 22. g4 h5 23. Rg2 hxg4 24. Rc3 Nf6 25. Qd2 Nh5 26. fxg4 Be4 27. Rf3 Bxf3
28. exf3 Nf4 29. Rh2 Re6 30. Qc2 Re1+ 31. Kf2 Re2+ 32. Qxe2 Nxe2 33. Kxe2 Re8+
34. Kd2 Re7 35. Re2 Rf7 36. Re3 Kh7 37. Ke2 Rf4 38. Rd3 Kg6 39. Ke3 Kg5 40. Rb3
Rf7 41. Kf2 Rf4 42. Ke3 b6 43. Rd3 Rf6 44. b4 Re6+ 45. Kf2 Kf4 46. a4 Re7 47.
Rc3 Rc7 48. Re3 c5 49. bxc5 bxc5 50. Re5 g6 51. Rxd5 c4 52. Rc5 Rb7 53. Rb5 Rd7
54. d5 Ke5 55. Ke3 Rxd5 56. f4+ Ke6 57. f5+ gxf5 1/2-1/2

[Event "Hastings Masters 2010-11"]
[Site "Hastings ENG"]
[Date "2011.01.05"]
[Round "9.43"]
[White "Rich, Mark C"]
[Black "Young, Mel J"]
[Result "1-0"]
[WhiteTitle "CM"]
[WhiteElo "2145"]
[BlackElo "1938"]
[WhiteFideId "406724"]
[BlackFideId "410357"]
[EventDate "2010.12.28"]

1. e4 c5 2. Nc3 d6 3. f4 g6 4. Nf3 Bg7 5. Bc4 Nc6 6. d3 e6 7. O-O Nge7 8. Qe1
Nd4 9. Nxd4 cxd4 10. Ne2 Nc6 11. b4 O-O 12. Bd2 b6 13. a4 a6 14. Bb3 Bd7 15. g4
Kh8 16. Rf3 f5 17. exf5 exf5 18. g5 Re8 19. Rh3 h5 20. gxh6 Bf6 21. Qf2 Re3 22.
Bxe3 dxe3 23. Qe1 Nd4 24. Nxd4 Bxd4 25. c3 Bf6 26. d4 g5 27. Qxe3 g4 28. Rg3 Qf8
29. h7 Re8 30. Qd2 Bc6 31. d5 Bd7 32. Re3 Rc8 33. Rc1 Qg7 34. Kg2 Qxh7 35. Rce1
b5 36. axb5 axb5 37. Rc1 Qg7 38. c4 Bd4 39. Re2 Bf6 40. c5 dxc5 41. bxc5 Qh6 42.
Re3 Kg7 43. c6 Be8 44. d6 Bxc6+ 45. Rxc6 Rxc6 46. Qd5 1-0

[Event "Hastings Masters 2010-11"]
[Site "Hastings ENG"]
[Date "2011.01.05"]
[Round "9.44"]
[White "Hoare, Amy"]
[Black "Stewart, Ashley"]
[Result "0-1"]
[WhiteElo "1921"]
[BlackElo "1980"]
[WhiteFideId "418366"]
[BlackFideId "419001"]
[EventDate "2010.12.28"]

1. e4 c5 2. c3 d5 3. exd5 Qxd5 4. d4 g6 5. Nf3 Bg7 6. Be3 cxd4 7. cxd4 Nf6 8.
Nc3 Qd6 9. Be2 O-O 10. O-O Nc6 11. a3 Rd8 12. Nb5 Qb8 13. Qc1 Nd5 14. Bc4 Be6
15. a4 Ncb4 16. Bh6 Rc8 17. Bxg7 Kxg7 18. h3 a6 19. Na3 Qf4 20. Qxf4 Nxf4 21.
Bxe6 Nxe6 22. Nc4 Rd8 23. Rad1 Nd5 24. Rfe1 b5 25. axb5 axb5 26. Ne3 Ra2 27.
Nxd5 Rxd5 28. Kf1 Rxb2 29. Re3 b4 30. g3 Kf6 31. Ke1 h6 32. Red3 Ng5 33. Ne5 Kg7
34. Re3 Ne6 35. Nc6 Rd7 36. f4 Rd5 37. Red3 0-1

[Event "Hastings Masters 2010-11"]
[Site "Hastings ENG"]
[Date "2011.01.05"]
[Round "9.45"]
[White "Macrae, James S"]
[Black "Campbell, Eoin"]
[Result "1/2-1/2"]
[WhiteElo "1763"]
[BlackElo "1950"]
[WhiteFideId "2401797"]
[BlackFideId "2400740"]
[EventDate "2010.12.28"]

1. d4 Nf6 2. Nc3 d5 3. Bg5 Nbd7 4. f3 c5 5. Qd2 cxd4 6. Qxd4 e6 7. Bxf6 Qxf6 8.
Qxf6 Nxf6 9. Nb5 Bb4+ 10. c3 Ba5 11. Nd6+ Ke7 12. Nxc8+ Rhxc8 13. b4 Bb6 14. Kd2
d4 15. Rc1 dxc3+ 16. Rxc3 Rxc3 17. Kxc3 Nd5+ 18. Kb3 Be3 19. a3 Rc8 20. g3 Rc3+
21. Ka2 Nb6 22. Bg2 Nc4 23. f4 Rc2+ 24. Kb3 Rc1 25. Nf3 Rxh1 26. Bxh1 b5 27. a4
a6 28. axb5 axb5 29. Kc3 f6 30. Nd4 Bxd4+ 31. Kxd4 Kd6 32. Be4 Nb6 33. Bxh7 Nd5
34. Bg6 Nxb4 35. Be8 e5+ 36. fxe5+ fxe5+ 37. Ke4 Nd5 38. Kd3 e4+ 39. Kd4 b4 40.
Ba4 Nc3 41. Bc2 Nxe2+ 42. Kxe4 Kc5 43. Kd3 Nd4 44. Bd1 Nc6 45. h4 Ne5+ 46. Kc2
Kd4 47. Kb3 Nd3 48. Bc2 Ke3 49. g4 Nf2 50. Bf5 Kf4 51. Kxb4 Nxg4 52. Bc2 Kg3 53.
h5 Kh4 54. Kc3 Kxh5 55. Kd2 Kg5 56. Ke2 Kf4 57. Bg6 Ne5 58. Be8 g5 59. Kf2 g4
60. Bb5 Nf3 61. Bc6 g3+ 62. Kg2 Ne5 63. Ba8 1/2-1/2

[Event "Hastings Masters 2010-11"]
[Site "Hastings ENG"]
[Date "2011.01.05"]
[Round "9.46"]
[White "Pleininger, Rudolf"]
[Black "Torgersen, Markus"]
[Result "1/2-1/2"]
[WhiteElo "1998"]
[BlackElo "1741"]
[WhiteFideId "1305999"]
[BlackFideId "1511653"]
[EventDate "2010.12.28"]

1. e4 c6 2. d4 d5 3. exd5 cxd5 4. Bd3 Nf6 5. Bf4 Nc6 6. c3 Bg4 7. Qb3 Qd7 8. Nd2
e6 9. Ngf3 a6 10. O-O Be7 11. h3 Bh5 12. Ne5 Qc8 13. Rfe1 Nd7 14. Ndf3 Ndxe5 15.
Nxe5 f6 16. Nxc6 Qxc6 17. Re3 Bf7 18. Rae1 g6 19. Bh6 b5 20. a3 Bf8 21. Bxf8
Kxf8 22. Rf3 Kg7 23. Rfe3 Rae8 24. g3 h5 25. Kg2 h4 26. f4 e5 27. fxe5 fxe5 28.
Rxe5 Rxe5 29. Rxe5 hxg3 30. Kxg3 Qf6 31. Re3 Qg5+ 32. Kf2 Qf4+ 33. Rf3 Qh2+ 34.
Ke1 Rxh3 35. Be2 Qg1+ 36. Rf1 Qe3 37. Qc2 Be6 38. Qd2 Qg3+ 39. Kd1 g5 40. Qe1
Kg6 41. Qxg3 Rxg3 42. Ke1 g4 43. Kf2 Rh3 44. Kg2 g3 45. Bd3+ Kg5 46. Re1 Bg4 47.
Rh1 Rxh1 48. Kxh1 Bf3+ 49. Kg1 Be4 50. Be2 Kf4 51. a4 bxa4 52. Bxa6 Ke3 53. Bb5
Bc2 54. Kg2 Kd2 55. c4 Bd3 56. Bxa4 Bxc4 57. b3 Bxb3 1/2-1/2